[Event "Provincial-ch Valencia Segunda"]
[Site "Valencia"]
[Date "2014.10.18"]
[Round "3.10"]
[White "Garcia Molina, Jose"]
[Black "Poveda Cervera, Juan Amadeo"]
[Result "1/2-1/2"]
[WhiteElo "1267"]
[BlackElo "1463"]
[PlyCount "65"]
[EventDate "2014.09.27"]
[EventType "swiss"]
[EventRounds "7"]
[EventCountry "ESP"]
[SourceTitle "EXT 2024"]
[Source "ChessBase"]
[SourceDate "2023.10.10"]
[SourceVersion "1"]
[SourceVersionDate "2023.10.10"]
[SourceQuality "1"]

1. d4 Nf6 2. Nf3 d6 3. Bf4 c5 4. dxc5 Qa5+ 5. c3 Qxc5 6. e3 Nh5 7. Bg3 Nxg3 8. hxg3 g6 9. Nbd2 Bg7 10. Bc4 b5 11. Bb3 Bb7 12. Rc1 Nd7 13. 0-0 0-0 14. Qe2 Rac8 15. Nd4 b4 16. Ne6 fxe6 17. Bxe6+ Kh8 18. Bxd7 Rc7 19. Nb3 Qd5 20. e4 Qxe4 21. Qxe4 Bxe4 22. Rfe1 Rxd7 23. Rxe4 bxc3 24. bxc3 Rc8 25. Nd4 d5 26. Ree1 Kg8 27. Kf1 Kf7 28. f4 Rc4 29. Kf2 Bxd4+ 30. cxd4 Rxd4 31. Re2 Rc4 32. Rxc4 dxc4 33. Rc2 1/2-1/2